|
|
|
|
| LEADER |
00000nam a2200000 i 4500 |
| 001 |
DIGUPAMP0037 |
| 003 |
NyNyDIG |
| 007 |
cr ||||||||||| |
| 008 |
240201s2020 ck a ob 000 0 spa d |
| 006 |
m o d |
| 035 |
|
|
|a (OCoLC)1422055376
|
| 040 |
|
|
|a DGITA
|b eng
|e rda
|e pn
|c DGITA
|
| 020 |
|
|
|z 9789585224384
|
| 043 |
|
|
|a s-ck---
|
| 050 |
1 |
4 |
|a QC995 ebook
|
| 100 |
1 |
|
|a Ramón Valencia, Jacipt Alexander,
|e author.
|
| 245 |
1 |
0 |
|a Sistemas de alerta temprana climatológicos comunitarios :
|b experiencia SATC Norte de Santander con enfoque investigativo /
|c Jacipt Alexander Ramón Valencia, Ana Katherine Lizarazo Vanegas, Doris Vanegas Vanegas.
|
| 264 |
|
1 |
|a Pamplona, Colombia :
|b Editorial Universidad de Pamplona,
|c [2020]
|
| 300 |
|
|
|a 1 online resource :
|b illustrations.
|
| 336 |
|
|
|a text
|b txt
|2 rdacontent
|
| 337 |
|
|
|a computer
|b c
|2 rdamedia
|
| 338 |
|
|
|a online resource
|b cr
|2 rdacarrier
|
| 347 |
|
|
|a text file
|2 rdaft
|
| 347 |
|
|
|b PDF
|
| 500 |
|
|
|a "Área: Ingeniería ambiental".
|
| 504 |
|
|
|a Includes bibliographical references.
|
| 588 |
0 |
|
|a Online resource; title from PDF title page (Digitalia, viewed February 1, 2024)
|
| 650 |
|
0 |
|a Weather forecasting
|z Colombia
|z Norte de Santander.
|
| 650 |
|
0 |
|a Meteorology
|z Colombia
|z Norte de Santander.
|
| 700 |
1 |
|
|a Lizarazo Vanegas, Ana Katherine,
|e author.
|
| 700 |
1 |
|
|a Vanegas Vanegas, Doris,
|e author.
|
| 791 |
2 |
|
|a Digitalia (Firm),
|e distributor.
|
| 793 |
0 |
|
|g Digitalia eBook Collection:
|a Universidad de Pamplona
|
| 776 |
0 |
8 |
|i Print version:
|a Ramón Valencia, Jacipt Alexander.
|t Sistemas de alerta temprana climatológicos comunitarios.
|b Primera edición.
|d Pamplona, Colombia : Editorial Universidad de Pamplona, [2020]
|z 9789585224384
|
| 856 |
4 |
0 |
|3 Digitalia Hispánica
|u https://www.digitaliapublishing.com/a/131129/
|
| 910 |
|
|
|a Premium collection: 2024
|